| 000 | 00000nam##2200000za#4500 |
| 001 | 9.696012 |
| 003 | CaOODSP |
| 005 | 20220125145842 |
| 007 | cr ||||||||||| |
| 008 | 150407|2007||||xxc|||||o f|0| 0 eng|d |
| 040 | |aCaOODSP|beng |
| 043 | |an-cn--- |
| 086 | 1 |aD2-206/2-2007E-PDF |
| 110 | 1 |aCanada. |bDepartment of National Defence. |
| 245 | 14|aThe warrior's way : |h[electronic resource]|ba treatise on military ethics / |cby Richard A. Gabriel. |
| 260 | |aKingston - Ontario : |bNational Defence |cc2007. |
| 300 | |a239p.|bindex |
| 500 | |aThe catalogue numbers (D2-206/1-2007E (bound) and D2-206/2-2007E (pbk.)) and ISBNs (978-0-663-46114-2 (bound) and 978-0-662-46115-9 (pbk.)) for the print edition have been incorrectly copied in this electronic publication. Produced for the Canadian Defence Academy Press by 17 Wing Winnipeg Publishing Office. |
| 504 | |aBibliography. |
| 520 | 3 |aAttempts to identify the precepts, values, and obligations that the soldier must understand and observe to be an ethical soldier and also to provide a clear philosophical and practical basis for these values and obligations to guide the soldier in making ethical decisions. |
| 590 | |a12-31-Supp|b2012-07-06 |
| 690 | 07|aEthics|2gcpds |
| 690 | 07|aMilitary law|2gcpds |
| 720 | 1 |aGabriel, Richard A. |
| 775 | 08|tÀ la manière des guerriers |w(CaOODSP)9.640130 |
| 776 | 0#|tThe warrior's way : |w(CaOODSP)9.650760 |
| 856 | 40|ahttp://publications.gc.ca|qPDF|s1270 KB|uhttps://publications.gc.ca/collections/collection_2012/dn-nd/D2-206-2-2007-eng.pdf |